000 00906nmm a2200265 a 4500
001 ocm000610762
003 TR-IsHL
005 20201028133112.0
008 131121s2001 tu tur
007 cr cn
020 _a9789758618002
035 _a610762
_b(N$T)
050 0 4 _aBP163
_b.O98 2001
090 0 4 _aBP163
_b.O98 2001
100 1 _aÖztürk, Yaşar Nuri
245 1 0 _aKur'an adına konuşuyorum
_h[electronic resource] /
_cYaşar Nuri Öztürk
260 _aİstanbul :
_bBirey Yayıncılık,
_c2001
300 _a96 p.
650 4 _aFelsefe, Psikoloji ve Din
650 4 _aPhilosophy, Psychology and Religion
650 0 _aKoran
_x Criticism, interpretation, etc.
650 0 _aKuran
_x Eleştiri, yorum, vb
650 7 _aRELIGION / Islam / Koran & Sacred Writings
_2bisacsh
856 4 0 _uhttp://search.ebscohost.com/login.aspx?direct=true&scope=site&db=e011xww&AN=610762
999 _c5456
_d5456